000 00523nam a2200145Ia 4500
008 100122s9999 xx 000 0 und d
082 _b25511
_a823
100 _aकीर गिरिजा
245 _aतिला रात्रीचा शाप होता
260 _bहेमचंद्र प्रकाशन
_c1977
300 _a170
630 _aतिला रात्रीचा शाप होता
730 _aतिला रात्रीचा शाप होता
942 _cBOOK
999 _c412260
_d412257